00533 2200193 4500001002100000005001500021035002000036007000300056008004100059020002200100082001200122084001800134100001700152245007300169250000600242260004400248300003200292650001500324INLIS00000000000200620260204100704 a0010-0226000016ta260204 g 0 ind  a978-602-218-276-4 a297.246 a297.246 IBN k0 aIbnu Muhidin1 aKisah Nabi Syu'aib Alaihisalam :bProphet Syu'aib as /cIbnu Muhidin a- aJakarta :bBintan Indonesia Jakarta,c- a24 hlm :bilus ;c19 x 19,5 aKisah Nabi